000 00842 a2200217 4500
008 240605b mp ||||| |||| 00| 0 mon d
020 _a99962-0-407-4
035 _a5072
040 _aHE0623081
_bmon
_cMN-UlNLM
_dMN-UlNLM
_erda
041 _amon
042 _a8626
084 _2NNA
_a87.22
_bХ.545
245 0 _aХөгжим хүүхдийн ном
264 _aУБ.
_bМонсудар хэвлэлийн газар
_c2013
300 _a142х.
336 _2rdacontent
_atext
_btxt
337 _2rdamedia
_aunmediated
_bn
338 _2rdacarrier
_avolume
_bnc
650 _aЭнэхүү номоос дэлхийн өнцөг булан бүрт үүсэн хөгжсөн гайхамшигт хөгжим, тэдгээрийн хэв маяг, алдарт хөгжмийн зохиолчид, уран бүт...
942 _2NNA
_cBK
999 _c877436
_d877493